Datum a čas kvízu
39
Celkem bodů
Celkový počet nahraných bodů na tomto kvízu bez doplňovacích otázek.
5.
Pořadí na kvízu
Konečné umístění týmu na tomto kvízu.
Zaznamenané odpovědi
| # | Otázka | Odpověď | Body | Výsledky |
|---|---|---|---|---|
| 1. | Která moravská zoologická zahr... | ZOO Olomouc | 0 | |
| 2. | Dva zkušení borci, 66letý Joha... | traktory | 0 | |
| 3. | Plaketu věnovanou které filmov... | Otíkovi | 1 | |
| 4. | Který unikátní předmět z Titan... | záchranná vesta | 0 | |
| 5. | Minulý týden se vyhlašovaly v... | Aryna Sabalenka, Carlos Alcaraz | 0.5 | |
| 6. | Vědci v minulosti několikrát t... | D) | 0 | |
| 7. | Světová zdravotnická organizac... | o Rumunsko | 0 | |
| 8. | V červenci 2025 Senát schválil... | 3 (2 a 4 za půl bodu) | 0.5 | |
| 9. | Na které z fotografií se nachá... | A) | 0 | |
| 10. | Tinktura z opia se v minulosti... | laudanum | 1 |